Farmacología fundamental / (Record no. 1481)

MARC details
000 -LEADER
fixed length control field 00919nam a2200325 i 4500
001 - CONTROL NUMBER
control field data
005 - DATE AND TIME OF LATEST TRANSACTION
control field 20260322212102.0
008 - FIXED-LENGTH DATA ELEMENTS--GENERAL INFORMATION
fixed length control field data
035 ## - SYSTEM CONTROL NUMBER
System control number 3191502
010 ## - LIBRARY OF CONGRESS CONTROL NUMBER
LC control number 76676986
015 ## - NATIONAL BIBLIOGRAPHY NUMBER
National bibliography number Sp***
020 ## - INTERNATIONAL STANDARD BOOK NUMBER
International Standard Book Number 8485012151 :
Terms of availability 750ptas
020 ## - INTERNATIONAL STANDARD BOOK NUMBER
International Standard Book Number 9788485012152
035 ## - SYSTEM CONTROL NUMBER
-- (DLC) 76676986
040 ## - CATALOGING SOURCE
Original cataloging agency DLC
Transcribing agency DLC
Modifying agency DLC
050 10 - LIBRARY OF CONGRESS CALL NUMBER
Classification number RM300
Item number .A49
060 ## - NATIONAL LIBRARY OF MEDICINE CALL NUMBER
Classification number QV4 A435f 1976
100 1# - MAIN ENTRY--PERSONAL NAME
Personal name Alfonso Sanjuan, Mario.
245 10 - TITLE STATEMENT
Title Farmacología fundamental /
Statement of responsibility, etc. Mario Alfonso Sanjuan.
260 ## - PUBLICATION, DISTRIBUTION, ETC.
Place of publication, distribution, etc. Valladolid :
Name of publisher, distributor, etc. Lex Nova,
Date of publication, distribution, etc. 1976.
300 ## - PHYSICAL DESCRIPTION
Extent 486 p. ;
Dimensions 24 cm.
336 ## - CONTENT TYPE
Content type term text
Content type code txt
Source rdacontent
337 ## - MEDIA TYPE
Media type term unmediated
Media type code n
Source rdamedia
338 ## - CARRIER TYPE
Carrier type term volume
Carrier type code nc
Source rdacarrier
500 ## - GENERAL NOTE
General note Includes index.
650 #0 - SUBJECT ADDED ENTRY--TOPICAL TERM
Topical term or geographic name entry element Pharmacology.
650 #2 - SUBJECT ADDED ENTRY--TOPICAL TERM
Topical term or geographic name entry element Pharmacology.
906 ## - LOCAL DATA ELEMENT F, LDF (RLIN)
a 7
b cbc
c orignew
d 3
e ncip
f 19
g y-gencatlg
Holdings
Withdrawn status Lost status Damaged status Not for loan Home library Current library Shelving location Date acquired Total checkouts Full call number Barcode Date last seen Price effective from Koha item type
        Riverside Riverside General stacks 22/03/2026   RM300 LOC-RPL-00028 22/03/2026 22/03/2026 Books